| 000 | 00844cab a2200265 4500 | ||
|---|---|---|---|
| 001 | WB3436-29 | ||
| 008 | 090401t1998 xxu||||| |||| 00| 0 eng d | ||
| 035 | _a(Sirsi) u88648 | ||
| 041 | _aeng | ||
| 245 | _aOffice of the future | ||
| 260 | _c1998 | ||
| 350 | _a0 | ||
| 490 |
_aFinancial Times _v`Supplement` 23 September 1998 (4)(LOAN) |
||
| 520 | _aSurvey which looks at innovations in the world of work, including more flexible working, working from home and the `virtual office`. | ||
| 650 | _aFLEXIBLE WORKING | ||
| 650 | _aFLEXIBLE WORKSPACE | ||
| 650 | _aMANAGEMENT-BUSINESS MANAGEMENT-INFORMATION MANAGEMENT | ||
| 650 | _aMOBILE PHONES | ||
| 650 | _aTELECOMMUNICATIONS | ||
| 650 | _aVIRTUAL OFFICE | ||
| 650 | _aWORKING FROM HOME | ||
| 690 | _aOFFICE SERVICES AND ADMINISTRATION | ||
| 942 | _n0 | ||
| 948 | _c24/09/1998 | ||
| 999 |
_c56045 _d56045 |
||